000 00274nam a22001097a 4500
008 160429b xxu||||| |||| 00| 0 eng d
020 _a9780781781534
041 _aeng
080 _a618.2
245 _aNursing research;
_cDenise F. Polit; Cheryl Tatano Beck;
942 _2udc
_cBK
999 _c1688
_d1688